00812nam a2200169 a 450000100100000000500170001000800410002704000250006824501840009326000430027730000210032050000600034154600210040170000340042295201690045699900170062500004017020201002033947.0130812s1966 mx 000 0 spa d aDO-SdBNPbspacBNPHU00aPaz para vietnam :buna nueva aproximación al Sudeste asiático /c(informe elaborado por American Friends Service Committee) ; versión al español de Angel González Vega. aMéxico :bEditorial Grijalbo,c1966. a189 p. ;c21 cm. aPrecede al tìtulo: American Friends Service Committee aPeace in Vietnam1 aGonzález Vega, Angel966443 001050718MOaGRbGRcCTd2013-08-12iLF1l0o p40170-10r2020-06-25w2020-06-25y1zPerteneció a la biblioteca personal de Germán Emilio OrnesZNo se presta c39660d39660